Т. 123, кн. 9 : Краевые задачи теории функций комплексного переменного: [сборник]; Ученые записки Казанского университета

Bibliographic Details
Parent link:Ученые записки Казанского университета: [сборник научных трудов]/ Казанский государственный университет (КГУ). Т. 123, кн. 9 : Краевые задачи теории функций комплексного переменного.— , 1909-
Other Authors: Чибрикова Л. И. (редактор)
Language:Russian
Published: 1964
Subjects:
Format: Book
KOHA link:https://koha.lib.tpu.ru/cgi-bin/koha/opac-detail.pl?biblionumber=110524

MARC

LEADER 00000nam2a2200000 4500
001 110524
005 20231101214935.0
035 |a (RuTPU)RU\TPU\book\119364 
090 |a 110524 
100 |a 20070226d1964 k y0rusy50 ca 
101 0 |a rus 
102 |a RU 
105 |a a j 001zy 
200 0 |a Т. 123, кн. 9 : Краевые задачи теории функций комплексного переменного  |e [сборник]  |f ред. Л. И. Чибрикова 
210 |d 1964 
215 |a 114 с.  |c ил. 
320 |a Библиогр. в конце ст. 
461 1 |0 (RuTPU)RU\TPU\book\283219  |t Ученые записки Казанского университета  |o [сборник научных трудов]  |f Казанский государственный университет (КГУ)  |v Т. 123, кн. 9 : Краевые задачи теории функций комплексного переменного  |d 1909-  
606 1 |a Краевые задачи  |x (теория функций)  |2 stltpush  |3 (RuTPU)RU\TPU\subj\16069  |9 42257 
610 1 |a задача Римана 
610 1 |a граничные задачи 
610 1 |a производные 
610 1 |a поверхности 
675 |a 517.544  |v 3 
702 1 |a Чибрикова  |b Л. И.  |4 340 
801 1 |a RU  |b 63413507  |c 20070226  |g PSBO 
801 2 |a RU  |b 63413507  |c 20180124  |g PSBO 
942 |c BK